Central Library OPAC University of Rajshahi

Corporate Goverance and Intellectual Capital Reporeting in Corporate Annual Reports of Emerging Economies: (Record no. 80251)

MARC details
000 -LEADER
fixed length control field 01004nam a2200229 a 4500
003 - CONTROL NUMBER IDENTIFIER
rucl marc code BD-RjUL
005 - DATE AND TIME OF LATEST TRANSACTION
control field 20220828140021.0
008 - FIXED-LENGTH DATA ELEMENTS--GENERAL INFORMATION
fixed length control field 220828s2015 bg a|||| m||| 00| 0 eng d
035 ## - SYSTEM CONTROL NUMBER
system control number (BD-RjUL)
040 ## - CATALOGING SOURCE
Original cataloging agency BD-RjUL
Language of cataloging eng
Transcribing agency BD-RjUL
Modifying agency BD-RjUL
041 ## - LANGUAGE CODE
Language code of Book eng
082 ## - DEWEY DECIMAL CLASSIFICATION NUMBER
DDC Edition number 23
Classification number 658.4038
Author mark and Year HOC 2015
100 ## - MAIN ENTRY--PERSONAL NAME
Personal name Hossain, Md. Mahabbat
9 (RLIN) 4520
245 10 - TITLE STATEMENT
Title Corporate Goverance and Intellectual Capital Reporeting in Corporate Annual Reports of Emerging Economies:
Remainder of title An Emperical Investigation of Listed Companies in Bangladesh /
Statement of responsibility, etc By Md. Mahabbat Hossain
Name of Supervisor/Co-Supervisor Supervisor : Md. Akhtar Uddin
260 ## - PUBLICATION, DISTRIBUTION, ETC. (IMPRINT)
Place of publication, distribution, etc Rajshahi :
Name of publisher, distributor, etc Institute of Business Administration, University of Rajshahi,
Date of publication, distribution, etc 2015
300 ## - PHYSICAL DESCRIPTION
Pagination Various leaves :
Other physical details ill.;
Dimensions 29 cm.
502 ## - DISSERTATION NOTE
Dissertation note Thesis ( Ph.D.)-- Institute of Business Administration, University of Rajshahi, 2015
504 ## - BIBLIOGRAPHY, ETC. NOTE
Bibliography, etc Bibliography : leaves 8-13-8-32
650 ## - SUBJECT ADDED ENTRY--TOPICAL TERM
Topical term or geographic name as entry element ntellectual capital
General subdivision Management
9 (RLIN) 4521
700 ## - ADDED ENTRY--SUPERVISOR/CO-SUPERVISOR NAME
Personal name Uddin, Md. Akhtar, Supervisor
9 (RLIN) 4029
942 ## - ADDED ENTRY ELEMENTS (KOHA)
Source of classification or shelving scheme Dewey Decimal Classification
Koha item type Theses
Holdings
Source of classification or shelving scheme Damaged status Not for loan Collection code Permanent Location Current Location Shelving location Date of accession Source of acquisition Total Checkouts Full call number Barcode Date last seen Copy number Thesis
Dewey Decimal Classification   Not For Loan Theses Central Library, University of Rajshahi Central Library, University of Rajshahi Documentation Section 10/11/2016 Controller of Exam. , R.U.   THE 658.4038 HOC 2015 D4005 28/08/2022 C-1 Theses